| 000 | 00652nam a22002057a 4500 | ||
|---|---|---|---|
| 003 | OSt | ||
| 005 | 20251029020201.0 | ||
| 008 | 251029b |||||||| |||| 00| 0 eng d | ||
| 020 | _a978-971-725-141-7. | ||
| 040 |
_aDWCL-Main lib _cOC |
||
| 082 | _aFil. 890.08 G559 2007 | ||
| 100 | _aOrnos, Petra S. | ||
| 245 |
_aA glimpse of Philippine literature _cOrnos, Petra S. |
||
| 260 |
_aMakati City : _bBookquick Marketing, _cC2007. |
||
| 300 |
_a334 pages ; _c21 cm. |
||
| 504 | _aIncludes bibliographical references. | ||
| 650 | _21. Phil. literature-Collections. | ||
| 650 | _22. Phil. literature-Study and teaching. | ||
| 942 |
_2ddc _cBK - FIL _kFil. _n0 |
||
| 999 |
_c5259 _d5259 |
||